Gaming Quiz

Random Gaming or Nintendo Quiz

Super Smash Bros. Melee Victory Music Quiz Stats

 Plays Quiz Updated Dec 20, 2016

Challenge
Share
Tweet
Score 0/13 Timer 03:00
4 Plays Today
% Correct
2Zelda, Link, Sheik, Young Link, Ganondorf
92.5%
3Pikachu, Jigglypuff, Pichu, Mewtwo
87.7%
8Mario, Luigi, Peach, Bowser, Dr. Mario
85.5%
7Captain Falcon
81.1%
1Fox, Falco
80.9%
12Kirby
73.8%
5Yoshi
71.8%
9Mr. Game & Watch
71.3%
4Samus
69.6%
13Marth, Roy
65.8%
10Ness
65.5%
11Ice Climbers
58.6%
6Donkey Kong
58.5%

You're not logged in!

Compare scores with friends on all Sporcle quizzes.
OR
Log In

You Might Also Like...

Show Comments

Extras

Top Quizzes Today


Score Distribution

Your Account Isn't Verified!

In order to create a playlist on Sporcle, you need to verify the email address you used during registration. Go to your Sporcle Settings to finish the process.

Report this User

Report this user for behavior that violates our Community Guidelines.

Details: